Đang tải...
Paschathya hasyasahithyacharithram, Part3 (m)
| Tác giả chính: | |
|---|---|
| Định dạng: | Printed Book |
| Được phát hành: |
Kottayam
National Book Stall
1976
|
| Những chủ đề: |
| LEADER | 00488nam a2200157 4500 | ||
|---|---|---|---|
| 082 | |a 8M4 PAR.M-P.3 | ||
| 100 | |a Parameswaran Pillai, Mekkolla | ||
| 245 | |a Paschathya hasyasahithyacharithram, Part3 (m) | ||
| 250 | |||
| 260 | |a Kottayam |b National Book Stall |c 1976 | ||
| 300 | |||
| 490 | |||
| 650 | |a Malayalam essays | ||
| 942 | |c BK | ||
| 999 | |c 223145 |d 223145 | ||
| 952 | |0 0 |1 0 |4 0 |6 8M4_PAR_MP_3_000000000000000 |7 0 |9 237278 |a SDE |b SDE |d 2019-12-12 |l 0 |o 8M4 PAR.M-P.3 |p SDE2431 |r 2019-12-12 |w 2019-12-12 |y BK | ||